00528 2200193 4500001002100000005001500021035002000036001002100056005001500077035002000092245009000112100002200202250001700224300002800241260002700269082001000296084001600306650001200322INLIS00000000000066720240830091812 a0010-0824000185INLIS00000000000065020240827100711 a0010-08240001681 aDongeng Penghibur Hati & Mewarnai :bKancil Selamat dari Jebakan /cMB. Rahimsyah. AR0 aMB. Rahimsyah. AR aCetakan Ke-1 a24 hlm :bIlus ;c21 cm aSurabaya :bSerba Jaya a398.2 a398.2 MB. d 4aDongeng